Endoszkópos, teljes falvastagságú reszekció (EFTR) – Hogyan állunk most? [Endoscopic full-thickness resection (EFTR) – Where do we stand?]
Hazánkban 2018 óta érhető el az endoszkópos, teljes falvastagságú reszekcióra lehetőséget biztosítóFTRD eszköz. Indikációs köre magában foglalja a submucosus terimék, nem elemelkedő adenomák éskorai karcinómák eltávolítását (utóbbiaknál pontos stádiummeghatározást biztosítva), azonban az alkalmazásá...
Elmentve itt :
| Szerzők: | |
|---|---|
| Dokumentumtípus: | Cikk |
| Megjelent: |
2024
|
| Sorozat: | CENTRAL EUROPEAN JOURNAL OF GASTROENTEROLOGY AND HEPATOLOGY / GASZTROENTEROLÓGIAI ÉS HEPATOLÓGIAI SZEMLE
10 No. 4 |
| Tárgyszavak: | |
| doi: | 10.33570/CEUJGH.10.4.164 |
| mtmt: | 35676607 |
| Online Access: | http://publicatio.bibl.u-szeged.hu/35524 |
| LEADER | 01817nab a2200289 i 4500 | ||
|---|---|---|---|
| 001 | publ35524 | ||
| 005 | 20250109220059.0 | ||
| 008 | 250109s2024 hu o 000 hun d | ||
| 022 | |a 2415-9107 | ||
| 024 | 7 | |a 10.33570/CEUJGH.10.4.164 |2 doi | |
| 024 | 7 | |a 35676607 |2 mtmt | |
| 040 | |a SZTE Publicatio Repozitórium |b hun | ||
| 041 | |a hun | ||
| 100 | 1 | |a Bősze Zsófia | |
| 245 | 1 | 0 | |a Endoszkópos, teljes falvastagságú reszekció (EFTR) – Hogyan állunk most? [Endoscopic full-thickness resection (EFTR) – Where do we stand?] |h [elektronikus dokumentum] / |c Bősze Zsófia |
| 260 | |c 2024 | ||
| 300 | |a 164-169 | ||
| 490 | 0 | |a CENTRAL EUROPEAN JOURNAL OF GASTROENTEROLOGY AND HEPATOLOGY / GASZTROENTEROLÓGIAI ÉS HEPATOLÓGIAI SZEMLE |v 10 No. 4 | |
| 520 | 3 | |a Hazánkban 2018 óta érhető el az endoszkópos, teljes falvastagságú reszekcióra lehetőséget biztosítóFTRD eszköz. Indikációs köre magában foglalja a submucosus terimék, nem elemelkedő adenomák éskorai karcinómák eltávolítását (utóbbiaknál pontos stádiummeghatározást biztosítva), azonban az alkalmazásával kapcsolatos limitált evidenciák miatt a mindennapi gyakorlatban betöltött szerepe még nemkiforrott. Alkalmazása a gyártó cég által szervezett képzéshez kötött, szélesebb körben való elterjedésétaz eszköz magas költsége is hátráltatja, ezt enyhítendő a beavatkozás elvégzését hazánkban jelenlegegyedi méltányossági rendszer támogatja. | |
| 650 | 4 | |a Gasztroenterológia és hepatológia | |
| 700 | 0 | 1 | |a Fábián Anna |e aut |
| 700 | 0 | 1 | |a Bor Renáta |e aut |
| 700 | 0 | 1 | |a Magyar Dániel |e aut |
| 700 | 0 | 1 | |a Szántó Flóra |e aut |
| 700 | 0 | 1 | |a Kui Balázs |e aut |
| 700 | 0 | 1 | |a Szepes Zoltán |e aut |
| 856 | 4 | 0 | |u http://publicatio.bibl.u-szeged.hu/35524/1/CEU-JGH_EFTR_SzepesZ.PDF |z Dokumentum-elérés |